Tilastot visalle Mikronesian liittovaltio -visa

Klikkaa tästä pelataksesi tätä visaa!

Yleistilastot

  • Tätä visaa on pelattu 145 kertaa
  • Keskiarvotulos 9 / 14

Vastaustilastot

VihjeVastaus% Oikein
Virallinen kieliEnglanti
92%
Valtio, joka hallinnoi Mikronesiaa 1947–1986Yhdysvallat
92%
Valtio, joka miehitti Mikronesian 1914Japani
88%
Valtio, jonka siirtomaa Mikronesia oli 1574–1899Espanja
85%
Valtio, joka osti Mikronesian yllä olevalta vuonna 1899Saksa
83%
Oseanian osa-alue, johon Mikronesia kuuluuMikronesia
82%
PääkaupunkiPalikir
65%
Suosituin urheilulajiBaseball
64%
Yapin saarella on halkaisijaltaan jopa nelimetrisiä kivilaattoja. Miten niitä käytettiin?Rahana
43%
Puhutuin alkuperäiskieliChuuk
39%
Suurin saariPohnpei
39%
Väkirikkain kaupunkiWeno
37%
Laaja saaristo, joka kattaa Palaun ja MikronesianKaroliinit
32%
Tyynenmeren Venetsiaksi kutsuttu yllä olevan saaren läheisyydessä sijaitsevalle tekosaarelle rakennettu muinainen temppelikeskusNan Madol
26%

Tulosjakauma

Persentiili vastausten määrän mukaan

Jokaisen tuloksen saaneiden osuus

Tuloshistoriasi

Et ole pelannut tätä visaa